00545nam a2200169Ia 4500003000900000008004100009040001600050080001800066100001900084245011900103260003900222300001700261650002700278650002300305650002500328700002200353IN-BaIIA211028s9999 xx 000 0 eng d cIIA Library a517.91bFRA-1 aFrank, Philipp 0aDie differential und integralgleichungencPhilipp Frank and Richard Von Mises  aNew YorkbMarry S. Rosenbergc1943 axxiv, 1106p. aDifferential equations aIntegral equations aMathematical physics aMises Richard Von